| 000 | 00517nam a2200157 i 4500 | ||
|---|---|---|---|
| 001 | 24126 | ||
| 003 | ES-MaACL | ||
| 007 | t| | ||
| 008 | 021216s1885 sp ||||1| spa d | ||
| 100 | 1 |
_aAntequera, José María, _d1820-1891 _921875 |
|
| 245 | 1 | 3 |
_aLa desamortización eclesiástica considerada en sus diferentes aspectos y relaciones / _cpor José María Antequera. |
| 260 |
_aMadrid : _bA. Pérez Dubrull, _c1885. |
||
| 300 |
_a210 p. ; _c22 cm. |
||
| 852 |
_aES-MaACL _jB-2319 |
||
| 999 |
_c24126 _d24126 |
||